000 00505 a2200157 4500
020 _a0521477476
020 _a9780521477475
082 0 4 _a003.857
090 _c376
_d376
100 1 _aSmith, Peter.
245 1 0 _aExplaining chaos /
_cPeter Smith.
260 _a[S.l.] :
_bCambridge University Press,
_c1998.
300 _a204 p. ;
_c24 cm.
942 _aSNS
_cBK
_k003.857 SMI
999 _c29008
_d29008